[Event "16th EUR-ch"]
[Site "Jerusalem ISR"]
[Date "2015.02.25"]
[Round "2"]
[White "Kanmazalp, Ogulcan"]
[Black "Brkic, Ante"]
[Result "1-0"]
[WhiteElo "2457"]
[BlackElo "2586"]
[EventDate "2015.02.24"]
[PlyCount "57"]

1.e4 e5 2.Nf3 Nc6 3.Nc3 Nf6 4.Bb5 Bb4 5.O-O O-O 6.d3 d6 7.Bg5 Ne7 8.Nh4 c6
9.Bc4 d5 10.Bb3 Bg4 11.f3 Be6 12.Bxf6 gxf6 13.f4 Bxc3 14.bxc3 exf4 15.Rxf4
Ng6 16.Nxg6 hxg6 17.Qf3 f5 18.exf5 Bxf5 19.c4 Be6 20.cxd5 Bxd5 21.Qf2 f5 
22.c4 Bf7 23.g4 Qxd3 24.gxf5 Rae8 25.Rf1 Re2 26.Qh4 Qe3+ 27.Kh1 Re8 28.
fxg6 Bxg6 29.c5+ 1-0

[Event "16th EUR-ch"]
[Site "Jerusalem ISR"]
[Date "2015.02.25"]
[Round "2"]
[White "Mchedlishvili, Mikheil"]
[Black "Bochkarev, Yuriy"]
[Result "1-0"]
[WhiteElo "2586"]
[BlackElo "2076"]
[EventDate "2015.02.24"]
[PlyCount "79"]

1.d4 d6 2.e4 e5 3.Nf3 Nc6 4.Bb5 Bd7 5.c3 exd4 6.cxd4 Be7 7.Nc3 a6 8.Ba4 
Na7 9.Bb3 Nb5 10.O-O Nxc3 11.bxc3 Nf6 12.Ng5 O-O 13.e5 Nd5 14.Nxf7 Rxf7 
15.Bxd5 dxe5 16.dxe5 Bc6 17.Bxf7+ Kxf7 18.Qh5+ Kg8 19.Qg4 Qd7 20.e6 Qd3 
21.Be3 Qe4 22.Qxe4 Bxe4 23.Rfe1 Bd5 24.Rad1 c6 25.c4 Bxc4 26.Rd7 Bb4 27.
Rb1 Bxe6 28.Rxb7 c5 29.Rc7 Bxa2 30.Rd1 c4 31.Rdd7 Bc3 32.Bd4 Bxd4 33.Rxd4 
Bb1 34.Rdxc4 Bd3 35.Rd4 Re8 36.h4 Bb5 37.Rg4 g6 38.h5 Re6 39.h6 Re8 40.Rf4
1-0

[Event "16th EUR-ch"]
[Site "Jerusalem ISR"]
[Date "2015.02.25"]
[Round "2"]
[White "Birnboim, Nathan"]
[Black "Nabaty, Tamir"]
[Result "0-1"]
[WhiteElo "2347"]
[BlackElo "2585"]
[EventDate "2015.02.24"]
[PlyCount "88"]

1.Nf3 Nf6 2.g3 b6 3.Bg2 Bb7 4.O-O g6 5.d4 Bg7 6.c4 e6 7.Nc3 Ne4 8.Nxe4 
Bxe4 9.Bg5 f6 10.Be3 O-O 11.Qd2 Nc6 12.Rac1 Ne7 13.Bh6 Nf5 14.Bxg7 Nxg7 
15.Rfd1 d6 16.Qe3 f5 17.c5 bxc5 18.dxc5 Bxf3 19.Bxf3 d5 20.b4 c6 21.a4 a6 
22.Rb1 Qe8 23.Qe5 Qb8 24.Qb2 Rf7 25.e3 Ne8 26.b5 axb5 27.axb5 Qxb5 28.Qxb5
cxb5 29.Rxb5 Rfa7 30.g4 Kf8 31.Kg2 Nf6 32.gxf5 gxf5 33.Rdb1 Rc7 34.Kg3 
Rac8 35.Kf4 Nd7 36.Rb7 Nxc5 37.Rxc7 Rxc7 38.Kg5 Kg7 39.Rg1 Nd3 40.Kh5+ Kf6
41.Kh6 Rc2 42.Rf1 Nxf2 43.Kxh7 Nh3 44.Kh6 Rxh2 0-1

[Event "16th EUR-ch"]
[Site "Jerusalem ISR"]
[Date "2015.02.25"]
[Round "2"]
[White "Gruenfeld, Yehuda"]
[Black "Kryvoruchko, Yuriy"]
[Result "1/2-1/2"]
[WhiteElo "2444"]
[BlackElo "2692"]
[EventDate "2015.02.24"]
[PlyCount "77"]

1.e4 c5 2.Nf3 e6 3.d4 cxd4 4.Nxd4 Nc6 5.Nc3 Qc7 6.Be2 Nf6 7.O-O Be7 8.Be3 
O-O 9.f4 d6 10.Kh1 Nxd4 11.Qxd4 a6 12.Qb6 Qxb6 13.Bxb6 Bd7 14.e5 Ne8 15.
Rad1 Bc6 16.Bd3 Rc8 17.Ne4 d5 18.Nd2 Nc7 19.Nb3 Bb5 20.Bxb5 axb5 21.c3 b4 
22.cxb4 Bxb4 23.Rc1 Na6 24.a3 Be7 25.Rxc8 Rxc8 26.Rc1 Rxc1+ 27.Nxc1 Bc5 
28.Bxc5 Nxc5 29.Kg1 Kf8 30.Kf2 Ke7 31.Ke3 Kd7 32.Ne2 Nb3 33.Kd3 f6 34.Kc3 
Na5 35.Nd4 fxe5 36.fxe5 Nc6 37.Nf3 h6 38.a4 b6 39.b3 1/2-1/2

[Event "16th EUR-ch"]
[Site "Jerusalem ISR"]
[Date "2015.02.25"]
[Round "2"]
[White "Cheparinov, Ivan"]
[Black "Forster, Richard"]
[Result "1-0"]
[WhiteElo "2681"]
[BlackElo "2446"]
[EventDate "2015.02.24"]
[PlyCount "61"]

1.d4 f5 2.Nf3 Nf6 3.c4 e6 4.g3 Be7 5.Bg2 O-O 6.O-O d6 7.Nc3 Ne4 8.Qc2 Nxc3
9.Qxc3 Bf6 10.Qc2 Qe7 11.e4 Nc6 12.Be3 fxe4 13.Qxe4 e5 14.d5 Nd8 15.h4 g6 
16.c5 Nf7 17.Rac1 dxc5 18.Bxc5 Nd6 19.Qe3 Bf5 20.Ba3 e4 21.Nd4 Qg7 22.Ne6 
Bxe6 23.dxe6 Bd4 24.Qb3 Kh8 25.Qa4 Rae8 26.Rxc7 b5 27.Rxg7 bxa4 28.Rd7 e3 
29.Rxd6 e2 30.Rxd4 exf1=Q+ 31.Bxf1 1-0

[Event "16th EUR-ch"]
[Site "Jerusalem ISR"]
[Date "2015.02.25"]
[Round "2"]
[White "Nakar, Eylon"]
[Black "Sjugirov, Sanan"]
[Result "0-1"]
[WhiteElo "2435"]
[BlackElo "2678"]
[EventDate "2015.02.24"]
[PlyCount "52"]

1.e4 c6 2.d4 d5 3.e5 Bf5 4.Nf3 e6 5.Be2 Nd7 6.O-O h6 7.Nbd2 Ne7 8.Nb3 g5 
9.Ne1 Qc7 10.Bh5 c5 11.f4 c4 12.Nd2 Qb6 13.Ndf3 gxf4 14.Bxf4 Ng6 15.Bg3 
Bg7 16.Kh1 O-O 17.Qc1 f6 18.exf6 Nxf6 19.Bxg6 Bxg6 20.Be5 Ne4 21.Bxg7 Kxg7
22.c3 Rf6 23.Nc2 Raf8 24.Ne3 Bh5 25.Qc2 Qd8 26.Nxc4 Bg6 0-1

[Event "16th EUR-ch"]
[Site "Jerusalem ISR"]
[Date "2015.02.25"]
[Round "2"]
[White "Alekseev, Evgeny"]
[Black "Usmanov, Vasily"]
[Result "1/2-1/2"]
[WhiteElo "2677"]
[BlackElo "2414"]
[EventDate "2015.02.24"]
[PlyCount "49"]

1.e4 e6 2.d4 d5 3.Nc3 Bb4 4.e5 c5 5.a3 Bxc3+ 6.bxc3 Ne7 7.Qg4 O-O 8.Bd3 
Nbc6 9.Qh5 Ng6 10.Nf3 Nce7 11.h4 Qa5 12.Bd2 Qa4 13.dxc5 b6 14.cxb6 axb6 
15.Qg5 h6 16.Qe3 Nf5 17.Bxf5 exf5 18.h5 Nxe5 19.Nxe5 Re8 20.O-O f6 21.f4 
fxe5 22.fxe5 Qg4 23.Rab1 Qxh5 24.Rxb6 Ra4 25.Rb4 1/2-1/2

[Event "16th EUR-ch"]
[Site "Jerusalem ISR"]
[Date "2015.02.25"]
[Round "2"]
[White "Ferreira, Jorge Viterbo"]
[Black "Melkumyan, Hrant"]
[Result "0-1"]
[WhiteElo "2427"]
[BlackElo "2673"]
[EventDate "2015.02.24"]
[PlyCount "104"]

1.e4 e5 2.Nf3 Nc6 3.Bb5 a6 4.Ba4 Nf6 5.O-O Be7 6.Re1 b5 7.Bb3 O-O 8.c3 d5 
9.exd5 Nxd5 10.Nxe5 Nxe5 11.Rxe5 Bb7 12.d4 Bf6 13.Re1 Re8 14.Rxe8+ Qxe8 
15.Bxd5 Bxd5 16.Be3 Qe4 17.Qf1 Qc2 18.Qc1 Qxc1+ 19.Bxc1 Re8 20.Be3 Bg5 21.
Na3 Bxe3 22.fxe3 Rxe3 23.Kf2 Re6 24.g3 f5 25.Nc2 Rh6 26.h4 Be4 27.Ne3 g5 
28.Ng2 Bxg2 29.Kxg2 gxh4 30.Rf1 hxg3 31.Rxf5 Rh2+ 32.Kxg3 Rxb2 33.Rc5 Rxa2
34.Rxc7 Rc2 35.Rc6 b4 36.Rxa6 Rxc3+ 37.Kf4 b3 38.Rb6 Kf7 39.Kg4 Rd3 40.d5 
Ke7 41.Kf4 h5 42.Ke4 Rg3 43.Rh6 Rg4+ 44.Ke5 b2 45.Rb6 Rg2 46.Rb7+ Kd8 47.
Kd6 Kc8 48.Rb3 Rc2 49.Ke6 h4 50.d6 Re2+ 51.Kd5 h3 52.Rc3+ Kd8 0-1

[Event "16th EUR-ch"]
[Site "Jerusalem ISR"]
[Date "2015.02.25"]
[Round "2"]
[White "Grachev, Boris"]
[Black "Sipila, Vilka"]
[Result "0-1"]
[WhiteElo "2670"]
[BlackElo "2425"]
[EventDate "2015.02.24"]
[PlyCount "96"]

1.d4 Nf6 2.c4 e6 3.Nf3 b6 4.e3 Bb7 5.Bd3 Bb4+ 6.Nbd2 O-O 7.O-O d5 8.a3 Be7
9.b3 c5 10.Bb2 cxd4 11.exd4 Nc6 12.Rc1 dxc4 13.bxc4 Qd6 14.Qe2 Qf4 15.Rfd1
Rfd8 16.Nf1 Rac8 17.Ne3 Na5 18.d5 Bd6 19.g3 Qh6 20.Nd4 Bc5 21.dxe6 Bxd4 
22.exf7+ Kh8 23.Bf5 Bxb2 24.Bxc8 Rxc8 25.Qxb2 Qh5 26.Nd5 Ng4 27.f4 Qxf7 
28.Re1 Nxc4 29.Re7 Qf8 30.Qe2 Bxd5 31.Qxg4 Re8 32.Rc7 Qf6 33.Qd1 Qb2 34.
Rc2 Qb3 35.Qa1 Qe3+ 36.Rf2 Rg8 37.Qb1 Nd2 38.Qc1 Qe4 39.Rxd2 Qh1+ 40.Kf2 
Qf3+ 41.Kg1 Qh1+ 42.Kf2 Qg2+ 43.Ke3 Qf3+ 44.Kd4 Rd8 45.Rd7 Qe4+ 46.Kc3 
Rxd7 47.Kb2 Qe8 48.Qc3 Bg8 0-1

[Event "16th EUR-ch"]
[Site "Jerusalem ISR"]
[Date "2015.02.25"]
[Round "2"]
[White "Mikaelyan, Arman"]
[Black "Kuzubov, Yuriy"]
[Result "1/2-1/2"]
[WhiteElo "2418"]
[BlackElo "2667"]
[EventDate "2015.02.24"]
[PlyCount "171"]

1.Nf3 d5 2.d4 Nf6 3.c4 c6 4.Nc3 dxc4 5.a4 e6 6.e3 c5 7.Bxc4 cxd4 8.exd4 
Be7 9.O-O O-O 10.Bg5 Nc6 11.Re1 Bd7 12.Qd2 Nb4 13.Bxf6 Bxf6 14.Ne4 a5 15.
Ne5 Bc6 16.Nxc6 bxc6 17.Rad1 g6 18.g3 Bg7 19.Nc5 Re8 20.h4 Qf6 21.Re4 Nd5 
22.Kg2 Red8 23.b3 Nb6 24.Be2 Bf8 25.Rf4 Qg7 26.Qc2 Nd5 27.Re4 Nb4 28.Qc4 
Rd5 29.Nd3 Nxd3 30.Rxd3 c5 31.dxc5 Rxc5 32.Qd4 Rc2 33.Qxg7+ Kxg7 34.Rd7 
Re8 35.Bc4 Re7 36.Rxe7 Bxe7 37.Re2 Rc1 38.Re5 Bb4 39.Re2 Kf6 40.Bd3 Rc3 
41.Bc4 h5 42.Kf1 Ke7 43.Kg2 Rc1 44.Re3 Bc5 45.Re2 Bd4 46.Rd2 Bc3 47.Rd3 
Rc2 48.Re3 Bd4 49.Re2 Rc3 50.Rd2 e5 51.Bd5 f6 52.Be4 f5 53.Bd5 Bb6 54.Bc4 
e4 55.Re2 Bc5 56.Rd2 Rf3 57.Rc2 Bb4 58.Bd5 Rd3 59.Bc4 Rd8 60.Bb5 Rd1 61.
Rc7+ Kf6 62.Rc6+ Kg7 63.Rc7+ Kh6 64.Rc2 Bd6 65.Bc4 g5 66.Be2 Rd4 67.hxg5+ 
Kxg5 68.Kh3 Bb4 69.Kg2 Rd8 70.f4+ exf3+ 71.Kxf3 Rd4 72.Ke3 Re4+ 73.Kf3 Re5
74.Bc4 Re1 75.Re2 Rg1 76.Rg2 Rc1 77.Re2 Bc3 78.Re8 Bd4 79.Rg8+ Kf6 80.Rf8+
Kg6 81.Rg8+ Bg7 82.Re8 Rc3+ 83.Re3 Be5 84.Rxc3 Bxc3 85.Bd3 Kg5 86.Bc2 
1/2-1/2

[Event "16th EUR-ch"]
[Site "Jerusalem ISR"]
[Date "2015.02.25"]
[Round "2"]
[White "Deac, Bogdan-Daniel"]
[Black "Howell, David"]
[Result "0-1"]
[WhiteElo "2402"]
[BlackElo "2663"]
[EventDate "2015.02.24"]
[PlyCount "124"]

1.d4 Nf6 2.c4 g6 3.Nf3 Bg7 4.g3 O-O 5.Bg2 d5 6.cxd5 Nxd5 7.O-O Nc6 8.e4 
Nb6 9.d5 Na5 10.Qe1 Nac4 11.Nc3 e6 12.b3 Ne5 13.Nxe5 Bxe5 14.Bb2 exd5 15.
exd5 Bg7 16.Qd2 Bf5 17.a4 Nc8 18.Nb5 Bxb2 19.Qxb2 Bd3 20.Rfc1 Bxb5 21.axb5
Re8 22.Qd4 Re7 23.h4 h5 24.Qc5 Qd6 25.Qd4 Qb6 26.Qxb6 cxb6 27.Rc2 Kf8 28.
Bh3 Nd6 29.Bf1 Rc8 30.Rd2 Rc3 31.Bc4 Nxc4 32.bxc4 Rxc4 33.Rxa7 Rd7 34.d6 
Rc5 35.Ra8+ Kg7 36.Re8 Kf6 37.Rde2 Rd5 38.Rb2 R7xd6 39.Re3 Re6 40.Rc3 Ree5
41.Rc7 Re7 42.Rc3 Ree5 43.Rc7 Rxb5 44.Rxb5 Rxb5 45.Rxb7 Ke6 46.Kf1 f6 47.
Ke2 g5 48.hxg5 fxg5 49.Rh7 g4 50.Kd3 Kd6 51.Rh6+ Kc7 52.Rf6 Rc5 53.Kd4 Kb7
54.f4 gxf3 55.Rxf3 Kc6 56.Rf6+ Kb5 57.Rf1 Rg5 58.Rh1 Rg4+ 59.Kd5 Rg5+ 60.
Kd4 Rxg3 61.Rxh5+ Kb4 62.Rh1 b5 0-1

[Event "16th EUR-ch"]
[Site "Jerusalem ISR"]
[Date "2015.02.25"]
[Round "2"]
[White "Saric, Ivan"]
[Black "Faizrakhmanov, Ramil"]
[Result "1-0"]
[WhiteElo "2661"]
[BlackElo "2371"]
[EventDate "2015.02.24"]
[PlyCount "83"]

1.e4 e5 2.Nf3 Nc6 3.Bb5 Nf6 4.d3 Bc5 5.Bxc6 dxc6 6.Nbd2 Be6 7.O-O Nd7 8.
Nb3 Bxb3 9.axb3 O-O 10.Nd2 Re8 11.Nc4 Nf8 12.c3 Ng6 13.b4 Bb6 14.Qf3 Qd7 
15.g3 Rad8 16.Rd1 h6 17.Kg2 Re6 18.Nxb6 axb6 19.Be3 Rf6 20.Qh5 Rd6 21.d4 
exd4 22.Rxd4 Rxd4 23.Bxd4 Re8 24.Qf5 Qxf5 25.exf5 Ne7 26.g4 f6 27.Ra7 Rb8 
28.Be3 Nd5 29.Bd2 b5 30.b3 Rd8 31.Rxb7 Nxb4 32.Bxh6 gxh6 33.cxb4 Rd4 34.f3
Rxb4 35.Rxc7 Rxb3 36.Rxc6 Kg7 37.Rc7+ Kg8 38.Rb7 b4 39.Kg3 h5 40.Kh4 Rxf3 
41.Kxh5 Rf4 42.h3 1-0

[Event "16th EUR-ch"]
[Site "Jerusalem ISR"]
[Date "2015.02.25"]
[Round "2"]
[White "Slavin, Alexey"]
[Black "Akopian, Vladimir"]
[Result "0-1"]
[WhiteElo "2391"]
[BlackElo "2660"]
[EventDate "2015.02.24"]
[PlyCount "136"]

1.d4 Nf6 2.Nf3 e6 3.e3 b6 4.Bd3 Bb7 5.O-O d5 6.Ne5 Bd6 7.f4 O-O 8.Nd2 c5 
9.b3 b5 10.c3 b4 11.Bb2 bxc3 12.Bxc3 Nc6 13.Rc1 Rc8 14.Qf3 Qe7 15.Qh3 h6 
16.f5 cxd4 17.exd4 Ba3 18.Rc2 Nb4 19.Bxb4 Qxb4 20.Qe3 exf5 21.Bxf5 Rxc2 
22.Bxc2 Rc8 23.Bd3 Bc1 24.Rd1 Rc3 25.a3 Qxb3 26.Qe2 Qa4 27.Ndf3 Bxa3 28.h3
Qxd1+ 29.Qxd1 Rc1 30.Qxc1 Bxc1 31.Kf1 a5 32.Bb5 Ne4 33.Nc6 Nd2+ 34.Nxd2 
Bxd2 35.Ke2 Bc3 36.Kd3 Be1 37.Ke2 Bc3 38.Kd3 Be1 39.Ke2 Bb4 40.Nxb4 axb4 
41.Kd2 Bc8 42.Bc6 Be6 43.Kc2 Kh7 44.Kb3 Kg6 45.Kxb4 Kf5 46.Kc5 Ke4 47.Ba4 
g5 48.Bc2+ Kf4 49.Bb3 Kg3 50.Bxd5 Bxd5 51.Kxd5 f5 52.Ke6 f4 53.h4 g4 54.d5
Kxg2 55.d6 f3 56.d7 f2 57.d8=Q f1=Q 58.Qd4 g3 59.Kd7 Qf5+ 60.Ke7 h5 61.Qe3
Kh3 62.Qg1 Qf3 63.Qd4 Qg4 64.Qg1 Qf3 65.Qd4 g2 66.Qg1 Kg3 67.Qd4 Kh2 68.
Qd2 Kh1 0-1

[Event "16th EUR-ch"]
[Site "Jerusalem ISR"]
[Date "2015.02.25"]
[Round "2"]
[White "Khismatullin, Denis"]
[Black "Zanan, Evgeny"]
[Result "1/2-1/2"]
[WhiteElo "2653"]
[BlackElo "2327"]
[EventDate "2015.02.24"]
[PlyCount "131"]

1.d4 d5 2.c4 e6 3.Nc3 Nf6 4.cxd5 exd5 5.Bg5 c6 6.e3 Bf5 7.Qf3 Bg6 8.Bxf6 
Qxf6 9.Qxf6 gxf6 10.Nf3 Nd7 11.Nh4 Be7 12.g3 Nb6 13.Rd1 Nc8 14.Bd3 Nd6 15.
f3 Bxd3 16.Rxd3 f5 17.Ng2 Kd7 18.Kf2 Rhg8 19.Nf4 Rae8 20.Nce2 Bg5 21.Nh5 
Kc7 22.Nef4 Kd7 23.h3 Bd8 24.b3 Bg5 25.Rdd1 Kc8 26.Rc1 Kd8 27.Rce1 Kc8 28.
Re2 Bd8 29.Rc2 Kb8 30.h4 Be7 31.Nd3 Bd8 32.Ne5 Re6 33.Rhc1 h6 34.a4 a5 35.
Nf4 Re7 36.Nxc6+ bxc6 37.Rxc6 Rc7 38.R1c5 Nb7 39.Rxc7 Bxc7 40.Rxd5 Nd6 41.
Ne2 Rg6 42.Nc3 Re6 43.Nb5 Nxb5 44.Rxb5+ Rb6 45.Rxf5 Rxb3 46.f4 Rb4 47.Rxf7
Rxa4 48.g4 Ra2+ 49.Kf3 Ra1 50.g5 hxg5 51.hxg5 Rg1 52.Rh7 Kc8 53.Ke4 a4 54.
Rh2 a3 55.Kf5 Kd7 56.e4 Bb6 57.e5 Bxd4 58.Kf6 Bb2 59.Rh7+ Kc6 60.Ra7 Rf1 
61.f5 Re1 62.Kg6 Rxe5 63.f6 Bc1 64.f7 Rxg5+ 65.Kf6 Rg2 66.f8=Q 1/2-1/2

[Event "16th EUR-ch"]
[Site "Jerusalem ISR"]
[Date "2015.02.25"]
[Round "2"]
[White "Iovcov, Valerii"]
[Black "Mamedov, Rauf"]
[Result "1-0"]
[WhiteElo "2368"]
[BlackElo "2650"]
[EventDate "2015.02.24"]
[PlyCount "73"]

1.e4 d6 2.d4 Nf6 3.Bd3 g6 4.Nf3 Bg7 5.O-O O-O 6.Re1 Nc6 7.c3 e5 8.h3 Re8 
9.d5 Ne7 10.c4 h6 11.Nc3 g5 12.h4 g4 13.Nh2 c6 14.g3 h5 15.Bg5 Nh7 16.Qd2 
Rf8 17.dxc6 bxc6 18.Rad1 Be6 19.Be2 Qc7 20.Qxd6 Qxd6 21.Rxd6 Nxg5 22.hxg5 
Rfd8 23.Red1 Rxd6 24.Rxd6 Bf8 25.f3 gxf3 26.Nxf3 Bg4 27.Nh4 Nd5 28.Rxc6 
Nxc3 29.Bxg4 Nxe4 30.Bxh5 Rd8 31.g6 fxg6 32.Bxg6 Ng5 33.Bh5 Ne4 34.Bf3 
Bc5+ 35.Kh2 Rd2+ 36.Ng2 Ng5 37.Rg6+ 1-0

[Event "16th EUR-ch"]
[Site "Jerusalem ISR"]
[Date "2015.02.25"]
[Round "2"]
[White "Dreev, Aleksey"]
[Black "Golubov, Saveliy"]
[Result "1-0"]
[WhiteElo "2643"]
[BlackElo "2362"]
[EventDate "2015.02.24"]
[PlyCount "69"]

1.d4 Nf6 2.c4 e6 3.Nf3 d5 4.Nc3 Be7 5.Qc2 O-O 6.cxd5 exd5 7.Bg5 c6 8.e3 
Nbd7 9.Bd3 Re8 10.O-O Nf8 11.Rab1 a5 12.Rbe1 g6 13.Ne5 Ne6 14.Bh4 Ng7 15.
Qb3 Qc7 16.Rc1 Qd6 17.Na4 Qb4 18.Nb6 Qxb3 19.axb3 Ra7 20.Ra1 h6 21.Nxc8 
Rxc8 22.Ng4 Nxg4 23.Bxe7 b6 24.Bh4 g5 25.Bg3 Re7 26.Rfc1 h5 27.h4 gxh4 28.
Bxh4 Re6 29.Bg3 Nxe3 30.fxe3 Rxe3 31.Ba6 Ra8 32.Bb7 Ra7 33.Bf2 Rxb3 34.
Bxc6 Rxb2 35.Bxd5 1-0

[Event "16th EUR-ch"]
[Site "Jerusalem ISR"]
[Date "2015.02.25"]
[Round "2"]
[White "Soltanici, Ruslan"]
[Black "Bartel, Mateusz"]
[Result "0-1"]
[WhiteElo "2350"]
[BlackElo "2631"]
[EventDate "2015.02.24"]
[PlyCount "74"]

1.e4 e5 2.Nf3 Nc6 3.Bb5 a6 4.Ba4 Nf6 5.O-O b5 6.Bb3 Bb7 7.d3 Bd6 8.a3 h6 
9.Nc3 O-O 10.Ne2 Re8 11.Ng3 Bf8 12.Re1 d5 13.exd5 Nxd5 14.Ne4 Nf6 15.Bd2 
Nxe4 16.dxe4 Nd4 17.Nxd4 exd4 18.Qf3 Qd7 19.Rad1 c5 20.Bd5 Re5 21.Bf4 Rxd5
22.exd5 Bxd5 23.Qg3 a5 24.c3 Ra6 25.Qd3 Rg6 26.Bg3 Qc6 27.cxd4 c4 28.Qe2 
Re6 29.Qg4 Bxg2 30.Rxe6 fxe6 31.Re1 Bd5 32.Bf4 c3 33.b4 axb4 34.axb4 Bxb4 
35.Bxh6 Bf8 36.Ra1 c2 37.Bc1 Qc3 0-1

[Event "16th EUR-ch"]
[Site "Jerusalem ISR"]
[Date "2015.02.25"]
[Round "2"]
[White "Erenberg, Ariel"]
[Black "Kozul, Zdenko"]
[Result "0-1"]
[WhiteElo "2278"]
[BlackElo "2630"]
[EventDate "2015.02.24"]
[PlyCount "100"]

1.d4 Nf6 2.c4 g6 3.Nc3 Bg7 4.e4 d6 5.f3 O-O 6.Be3 a6 7.Qd2 Nc6 8.Nge2 Na5 
9.Ng3 b5 10.b3 bxc4 11.b4 Nc6 12.Bxc4 Nxb4 13.a3 Nc6 14.O-O e5 15.d5 Ne7 
16.Rac1 h5 17.Na2 Bd7 18.Qd3 a5 19.Rf2 h4 20.Ne2 Nh7 21.h3 f5 22.Rff1 Rf7 
23.Nac3 fxe4 24.fxe4 Rxf1+ 25.Rxf1 g5 26.Bb5 Ng6 27.Bxd7 Qxd7 28.Qb5 Qc8 
29.Rb1 g4 30.Qb7 gxh3 31.Qxc8+ Rxc8 32.gxh3 Nf4 33.Kh2 Rf8 34.Ng1 Ng5 35.
Ba7 Rf7 36.Rf1 c5 37.Bb6 Rb7 38.Rb1 a4 39.Rb5 Bf6 40.Rb1 Kf7 41.Rb5 Be7 
42.Rb1 Rb8 43.Rb5 Rg8 44.Rb2 Nfxh3 45.Nxh3 Nxh3 46.Nxa4 Rg3 47.Bc7 Ng5 48.
Rb1 Rxa3 49.Nxc5 Ra2+ 50.Kh1 Nf3 0-1

[Event "16th EUR-ch"]
[Site "Jerusalem ISR"]
[Date "2015.02.25"]
[Round "2"]
[White "Fischer, Sebastian"]
[Black "Pantsulaia, Levan"]
[Result "0-1"]
[WhiteElo "2256"]
[BlackElo "2615"]
[EventDate "2015.02.24"]
[PlyCount "94"]

1.d4 Nf6 2.Nf3 e6 3.Bg5 h6 4.Bh4 d6 5.c3 g5 6.Bg3 Nh5 7.e4 Bg7 8.Nfd2 Nxg3
9.hxg3 c5 10.dxc5 dxc5 11.Na3 O-O 12.Ndc4 Bd7 13.Qd6 Bc6 14.Rd1 Nd7 15.Ne3
Nf6 16.Qxd8 Rfxd8 17.Rxd8+ Rxd8 18.f3 a6 19.Nac4 b5 20.Ne5 Bb7 21.N3g4 
Nxg4 22.Nxg4 Kh7 23.e5 Kg6 24.f4 c4 25.Ne3 Bf8 26.Be2 Be4 27.Bh5+ Kg7 28.
Bf3 Bg6 29.Ke2 Bd3+ 30.Ke1 b4 31.Be2 bxc3 32.bxc3 Bxe2 33.Kxe2 Rd3 34.Rc1 
Bc5 35.Nxc4 Rxg3 36.fxg5 Rxg2+ 37.Kd3 hxg5 38.Nd2 Rg3+ 39.Kc4 Be3 40.Rd1 
Rg2 41.Ne4 Rxa2 42.Rd7 Bf4 43.Nd6 Bxe5 44.Nxf7 Kf6 45.Nd8 g4 46.Rf7+ Kg6 
47.Rf8 g3 0-1

[Event "16th EUR-ch"]
[Site "Jerusalem ISR"]
[Date "2015.02.25"]
[Round "2"]
[White "Andriasian, Zaven"]
[Black "Zlatin, Alexander"]
[Result "1-0"]
[WhiteElo "2612"]
[BlackElo "2086"]
[EventDate "2015.02.24"]
[PlyCount "69"]

1.e4 e5 2.Nf3 Nc6 3.Bc4 Bc5 4.c3 Nf6 5.d3 O-O 6.O-O d5 7.exd5 Nxd5 8.Nbd2 
Nb6 9.Bb5 Re8 10.Re1 Bd6 11.Ne4 Bd7 12.Bg5 f6 13.Be3 Kh8 14.a4 Nd5 15.Bd2 
Bf8 16.b4 a6 17.Bc4 Nb6 18.Bf7 Re7 19.Bb3 Bf5 20.Nh4 Be6 21.Nc5 Bxb3 22.
Qxb3 Re8 23.Re4 f5 24.Nxf5 Bxc5 25.bxc5 Qxd3 26.Bh6 Nd5 27.Bxg7+ Kg8 28.
Rae1 Na5 29.Qa2 Rad8 30.Bxe5 Re6 31.Nd4 Rg6 32.Bxc7 Kg7 33.Nf5+ Kf6 34.
Bxd8+ Kxf5 35.Re5+ 1-0

[Event "16th EUR-ch"]
[Site "Jerusalem ISR"]
[Date "2015.02.25"]
[Round "2"]
[White "Iordachescu, Viorel"]
[Black "Poleg, Dan"]
[Result "1-0"]
[WhiteElo "2590"]
[BlackElo "1992"]
[EventDate "2015.02.24"]
[PlyCount "107"]

1.c4 Nf6 2.Nc3 b6 3.e4 Bb7 4.e5 Ne4 5.Qf3 Nc5 6.Qg4 h5 7.Qd1 Ne4 8.Nxe4 
Bxe4 9.Nf3 e6 10.Be2 Bb7 11.d4 d5 12.exd6 Bxd6 13.O-O Nd7 14.Ng5 Qf6 15.
Bf3 Bxf3 16.Nxf3 Qe7 17.Bg5 Nf6 18.Re1 O-O-O 19.Qa4 c5 20.d5 e5 21.Nxe5 
Bxe5 22.Bf4 Ng4 23.Bxe5 Nxe5 24.f4 Nf3+ 25.gxf3 Qc7 26.Re5 Rh6 27.Rae1 
Rhd6 28.Kf2 R6d7 29.Qc2 f6 30.R5e4 g5 31.Qc3 Qd6 32.Qe3 Rf7 33.Re6 Qxf4 
34.Qxf4 gxf4 35.R1e4 Rg8 36.Re8+ Rxe8 37.Rxe8+ Kd7 38.Re4 Kd6 39.Rxf4 f5 
40.Rh4 Ke5 41.Rxh5 Kd4 42.Kg3 f4+ 43.Kg4 Kxc4 44.h4 Kd3 45.d6 Kd4 46.Rf5 
Rd7 47.Rxf4+ Ke5 48.Rf5+ Kxd6 49.h5 Ke6 50.h6 Rh7 51.Rh5 Kf6 52.f4 c4 53.
f5 Ke5 54.Kg5 1-0

[Event "16th EUR-ch"]
[Site "Jerusalem ISR"]
[Date "2015.02.25"]
[Round "2"]
[White "Dvoirys, Semen"]
[Black "Gal, Moshe"]
[Result "1-0"]
[WhiteElo "2578"]
[BlackElo "2154"]
[EventDate "2015.02.24"]
[PlyCount "79"]

1.e4 c5 2.Nf3 e6 3.d4 cxd4 4.Nxd4 a6 5.Bd3 Nf6 6.O-O Qc7 7.Qe2 d6 8.f4 
Nbd7 9.Nf3 e5 10.c4 Be7 11.Nc3 O-O 12.Kh1 exf4 13.Bxf4 Ne5 14.Nxe5 dxe5 
15.Bg3 Bg4 16.Qe3 Nd7 17.Nd5 Qd6 18.b4 b6 19.Rac1 Rfc8 20.Be2 Be6 21.Rcd1 
Bxd5 22.Rxd5 Qc6 23.Bg4 Nf6 24.Bxc8 Rxc8 25.Qf3 Qxc4 26.Bxe5 Qxe4 27.Qxe4 
Nxe4 28.Rd7 Bxb4 29.Rdxf7 Nf6 30.Rb7 Bc5 31.g4 Re8 32.Bxf6 gxf6 33.Rxf6 
Re1+ 34.Kg2 Re2+ 35.Kg3 Rxa2 36.Rc6 Ra3+ 37.Kf4 Ra2 38.Rc8+ Bf8 39.Rxb6 
Rxh2 40.Kg3 1-0

[Event "16th EUR-ch"]
[Site "Jerusalem ISR"]
[Date "2015.02.25"]
[Round "2"]
[White "Drori, Saar"]
[Black "Michalik, Peter"]
[Result "0-1"]
[WhiteElo "2173"]
[BlackElo "2576"]
[EventDate "2015.02.24"]
[PlyCount "104"]

1.e4 c6 2.d4 d5 3.e5 Bf5 4.Nf3 e6 5.Be2 Nd7 6.Nbd2 Ne7 7.Nf1 c5 8.c3 Nc6 
9.Ng3 Bg6 10.O-O Be7 11.Be3 cxd4 12.cxd4 Qb6 13.Qd2 O-O 14.h4 h6 15.h5 Bh7
16.Rfc1 Rfc8 17.Kh2 Qb4 18.a3 Qxd2 19.Nxd2 Nb6 20.b4 a5 21.b5 Na7 22.Rxc8+
Rxc8 23.Nb3 Nc4 24.Bxc4 dxc4 25.Nxa5 b6 26.Nb7 Nxb5 27.a4 Ra8 28.d5 exd5 
29.Bxb6 Bc2 30.a5 d4 31.Nd6 Nxd6 32.exd6 Bf6 33.d7 d3 34.Re1 d2 35.Re8+ 
Kh7 36.Rxa8 d1=Q 37.d8=Q Bxd8 38.Rxd8 Qa1 39.Rc8 Bd3 40.Rc7 Qf6 41.Be3 c3 
42.Rd7 Bc4 43.Rd4 Qe6 44.Rd1 c2 45.Rc1 Bd3 46.Kg1 Qd6 47.Nf1 f5 48.g3 Qd5 
49.Nd2 Qxa5 50.Nf3 Qd5 51.Nh4 Be4 52.Ng6 Qd1+ 0-1

[Event "16th EUR-ch"]
[Site "Jerusalem ISR"]
[Date "2015.02.25"]
[Round "2"]
[White "Hochman, Elnatan"]
[Black "Postny, Evgeny"]
[Result "0-1"]
[WhiteElo "1976"]
[BlackElo "2647"]
[EventDate "2015.02.24"]
[PlyCount "56"]

1.d4 d5 2.Nf3 c6 3.e3 Bg4 4.c4 e6 5.Qb3 Qc7 6.Ne5 Bf5 7.Nc3 Nf6 8.Bd2 Nbd7
9.Rc1 Nxe5 10.dxe5 dxc4 11.Bxc4 Nd7 12.Nb5 cxb5 13.Bxb5 Qd8 14.e4 Bxe4 15.
Bg5 Qxg5 16.Bxd7+ Kd8 17.Rd1 Qxe5 18.f4 Qa5+ 19.Ke2 Bd5 20.Bb5 Qb4 21.
Rxd5+ exd5 22.Qxd5+ Qd6 23.Qf3 Qe6+ 24.Kf2 Qb6+ 25.Kg3 Qxb5 26.Rd1+ Kc7 
27.Rc1+ Kb8 28.a4 Qf5 0-1

[Event "16th EUR-ch"]
[Site "Jerusalem ISR"]
[Date "2015.02.25"]
[Round "2"]
[White "Zhigalko, Sergei"]
[Black "Chubar, Vladimir"]
[Result "1-0"]
[WhiteElo "2675"]
[BlackElo "2066"]
[EventDate "2015.02.24"]
[PlyCount "75"]

1.e4 e6 2.d4 d5 3.e5 Ne7 4.Nf3 b6 5.c3 Qd7 6.a4 a5 7.Na3 Ba6 8.Bxa6 Nxa6 
9.h4 h5 10.Bg5 Nf5 11.Nc2 Nb8 12.Ne3 Nxe3 13.fxe3 Nc6 14.Qe2 Be7 15.O-O f6
16.Bf4 fxe5 17.Bxe5 O-O 18.Bg3 Rf5 19.e4 dxe4 20.Qxe4 Raf8 21.Rae1 Nd8 22.
Rf2 Bd6 23.Bxd6 Qxd6 24.Ng5 Nf7 25.Qxe6 Rxf2 26.Kxf2 Qf4+ 27.Nf3 Kh8 28.
Qe4 Qxe4 29.Rxe4 Nd6 30.Re7 Nc4 31.b3 Nd2 32.Rxc7 Nxb3 33.Ke3 Re8+ 34.Ne5 
Re6 35.Kd3 Kh7 36.Kc2 Nc5 37.dxc5 Rxe5 38.cxb6 1-0

[Event "16th EUR-ch"]
[Site "Jerusalem ISR"]
[Date "2015.02.25"]
[Round "2"]
[White "Bok, Benjamin"]
[Black "Zak, Arad"]
[Result "1-0"]
[WhiteElo "2587"]
[BlackElo "2061"]
[EventDate "2015.02.24"]
[PlyCount "81"]

1.e4 e5 2.Nf3 Nc6 3.Bc4 Nf6 4.d3 Be7 5.O-O O-O 6.Re1 d6 7.c3 Na5 8.Bb5 Bd7
9.Bxd7 Nxd7 10.Nbd2 c5 11.Nf1 b5 12.Ne3 Nc6 13.Nf5 Nb6 14.d4 cxd4 15.cxd4 
Bf6 16.b3 Rc8 17.Bb2 Rc7 18.Qd2 g6 19.Ne3 Qc8 20.h3 Bg7 21.Rad1 Re8 22.
dxe5 dxe5 23.Nd5 Rd7 24.Qe2 b4 25.Qb5 Rb7 26.Nxb4 Nxb4 27.Qxb4 Nd5 28.Qd2 
Nf4 29.Rc1 Qe6 30.Qc2 Rb6 31.Red1 g5 32.Nh2 h5 33.Rd2 Bh6 34.Qd1 Rb4 35.
Rd6 Ne2+ 36.Kf1 Qe7 37.Kxe2 Rxe4+ 38.Kf1 Bf8 39.Rd7 Qb4 40.Qd5 Rf4 41.Rb7 
1-0

[Event "16th EUR-ch"]
[Site "Jerusalem ISR"]
[Date "2015.02.25"]
[Round "2"]
[White "Nareznoy, David"]
[Black "Mikhalevski, Victor"]
[Result "0-1"]
[WhiteElo "2069"]
[BlackElo "2559"]
[EventDate "2015.02.24"]
[PlyCount "66"]

1.e4 e5 2.Nf3 Nc6 3.Bc4 Nf6 4.d4 exd4 5.e5 d5 6.Bb5 Ne4 7.Nxd4 Bd7 8.Bxc6 
bxc6 9.O-O Bc5 10.f3 Ng5 11.f4 Ne4 12.Be3 Bb6 13.Nd2 c5 14.N4b3 Nxd2 15.
Nxd2 O-O 16.c4 Bf5 17.Qh5 Bg6 18.Qh3 d4 19.Bf2 Qc8 20.Qf3 Qf5 21.Rac1 f6 
22.Bh4 fxe5 23.Qd5+ Bf7 24.Qxe5 Qd3 25.Rf2 Rae8 26.Be7 Ba5 27.Qxc5 Bxd2 
28.Rd1 Qe3 29.Bxf8 Be1 30.Rxe1 Qxe1+ 31.Rf1 Qe3+ 32.Kh1 Rxf8 33.Qxc7 d3 
0-1